=LDR 00000nam 2200000 4500 =001 INLIS000000000031501 =005 20130612133552 =008 ***********************************ind** =035 ##$$0010-061300000031501 =041 ##$$a ind =082 ##$$a 028.55 =090 ##$$a 028.55, War, s =100 ##$$a WARYANTI, Eka =245 ##$$a Sang Pemberani dan Tana Toraja - Pong Tiku , Eka Waryanti =260 ##$$a Gema Windu Panca Perkasa $b Bogor =300 ##$$a 78 hlm., , ilus., , 26 cm =650 ##$$a BACAAN KANAK-KANAK =850 ##$$a NBPNMAT